| 000 | 00560nam a22001817a 4500 | ||
|---|---|---|---|
| 005 | 20251127121955.0 | ||
| 008 | 251121b |||||||| |||| 00| 0 eng d | ||
| 020 | _a978-93-48565-38-9 | ||
| 041 | _aeng | ||
| 082 | _a615.7 GAH-H | ||
| 100 |
_aGAHLOT, DR. VINOD _98773 |
||
| 245 | _aHANDBOOK OF TOXICOLOGY AND PHARMACOLOGY AND PHARMACOLOGICAL SCREENING METHODS - II [ AS PER PCI NEW SYLLABUS FOR M. PHARMA] | ||
| 250 | _a1ST ED. 2025 | ||
| 260 |
_aNEW DELHI _bIP INNOVATION PVT LTD _c2025 |
||
| 300 | _a140;P | ||
| 650 |
_aPHARMACY _xB.PHARMA |
||
| 942 | _cBK | ||
| 999 |
_c8948 _d8946 |
||